| 000 | 00408nam a2200169Ia 4500 | ||
|---|---|---|---|
| 008 | 210210b1952 xxu||||| |||| 00| 0 eng d | ||
| 041 | _aeng | ||
| 082 | _a887/36 | ||
| 100 | _aPARIKH (J T) | ||
| 245 | _aSanskrit comic characters | ||
| 260 |
_aSurat _bThe Popular Book Depot _c1952 |
||
| 650 | _aSanskrit | ||
| 650 | _acomic | ||
| 650 | _acharacters | ||
| 690 | _aSanskrit Literature | ||
| 906 | _a024634 | ||
| 999 |
_c150257 _d150257 |
||